Feliz Natal, Cão Pulgão! (Registo nº 199664)

Detalhes MARC
000 -Etiqueta do registo
Valores 01138nam 22002293 4500
010 ## - Número ISBN
ISBN 978-989-589-086-6
021 ## - Número do Depósito Legal
Código do país Portugal
Número 553040/25
100 ## - Dados gerais de processamento
Dados gerais 20251219d u||y0pory50 ba
200 ## - Titulo e menção de responsabilidade
Título próprio Feliz Natal, Cão Pulgão!
Primeira menção de responsabilidade texto de Colas Gutman
Outras menções de responsabilidade ilustrações de Marc Boutavant
205 ## - Menção da edição
Edição
210 ## - Publicação
Local de publicação Lisboa
Nome do editor Nuvem de Letras
Data de publicação 2025
215 ## - Descrição física 
Paginação / Volumes 66, [4] p.
Outras indicações físicas il. ; encadernado
Dimensões 23 cm
330 ## - Sumário ou Resumo
Texto da nota É Natal no caixote do lixo do Cão Pulgão! Mas, este ano, o Gato Chato quer passá-lo numa casa aconchegante. Será que alguém acolheria um cão desgrenhado e um gato achatado num dia de festa? Quando batem à porta da família Natal, pensam que são bem recebidos... mas nem tudo é o que parece...<br/>Um livro que, com humor, leveza e simplicidade, aborda temas tão profundos como a exclusão ou a necessidade de aceitação, através de um anti-herói encantador, inocente e divertido.
606 ## - Nome comum usado como assunto
ID Autoridade 44
Palavra de ordem Literatura Infantil Francesa
610 ## - Termos não controlados
Palavra de ordem Natal
675 ## - CDU
Notação 821.133.1-93
Edição PT
Língua por
700 ## - Autor principal (pessoa individual)
ID Autoridade 15469
Apelido Gutman
Nome Marc
Datas 1972-
801 ## - Fonte de origem
País PT
Agência BMMN
Regras de catalogação RPC
830 ## - Notas gerais do catalogador
Criado por isabel
990 ## - Elementos KOHA
Tipo de documento Livro
Exemplares
Situação do levantamento Biblioteca de origem Código de barras Cota Permissão de empréstimo Tipo de documento Forma de aquisição
  Biblioteca Municipal de Montemor-o-Novo 28604 821.133.1-93 GUT|AIJ   Livro Compra

Powered by Koha